Online
Catalog

Uso de la tierra y producción de alimentos de la República Dominicana / (Record no. 2769)

MARC details
000 -CABECERA
campo de control de longitud fija 01204nam a2200301 u 4500
001 - NÚMERO DE CONTROL
campo de control 000002936
005 - FECHA Y HORA DE LA ÚLTIMA TRANSACCIÓN
campo de control 20200929150305.0
008 - DATOS DE LONGITUD FIJA--INFORMACIÓN GENERAL
campo de control de longitud fija 090706s1996 dr a 000 0 spa d
020 ## - NÚMERO INTERNACIONAL ESTÁNDAR DEL LIBRO
Número Internacional Estándar del Libro 8489548153
040 ## - FUENTE DE LA CATALOGACIÓN
Centro catalogador/agencia de origen DO-SdBNP
Lengua de catalogación spa
Centro/agencia transcriptor BNPHU
082 ## - NÚMERO DE LA CLASIFICACIÓN DECIMAL DEWEY
Número de clasificación 333.73
Número de documento/Ítem U86t
245 00 - MENCIÓN DE TÍTULO
Título Uso de la tierra y producción de alimentos de la República Dominicana /
Mención de responsabilidad, etc. Pedro Juan del Rosario... [et al.].
260 ## - PUBLICACIÓN, DISTRIBUCIÓN, ETC.
Lugar de publicación, distribución, etc. Santiago de los Caballeros, República Dominicana :
Nombre del editor, distribuidor, etc. PUCMM, CEUR,
Fecha de publicación, distribución, etc. 1996.
300 ## - DESCRIPCIÓN FÍSICA
Extensión 267p. :
Otras características físicas il. ; graf. ;
Dimensiones 23 cm.
490 1# - MENCIÓN DE SERIE
Mención de serie Estudios
Designación de volumen o secuencia 180
590 ## - NOTA LOCAL (RLIN)
Nota local Inventariado, 2018/LP
650 #4 - PUNTO DE ACCESO ADICIONAL DE MATERIA--TÉRMINO DE MATERIA
Término de materia o nombre geográfico como elemento de entrada Uso de la tierra
Subdivisión geográfica República Dominicana
9 (RLIN) 9320
650 #4 - PUNTO DE ACCESO ADICIONAL DE MATERIA--TÉRMINO DE MATERIA
Término de materia o nombre geográfico como elemento de entrada Abastecimento de alimentos
Subdivisión geográfica República Dominicana
9 (RLIN) 9321
650 #4 - PUNTO DE ACCESO ADICIONAL DE MATERIA--TÉRMINO DE MATERIA
Término de materia o nombre geográfico como elemento de entrada Cuotas de producción agrícola
9 (RLIN) 9322
700 12 - PUNTO DE ACCESO ADICIONAL--NOMBRE DE PERSONA
Nombre de persona Rosario, Pedro Juan del,
9 (RLIN) 9323
700 12 - PUNTO DE ACCESO ADICIONAL--NOMBRE DE PERSONA
Nombre de persona Schorgmayer, Helmut
9 (RLIN) 9324
700 12 - PUNTO DE ACCESO ADICIONAL--NOMBRE DE PERSONA
Nombre de persona Geilfus, Frans
9 (RLIN) 9325
700 12 - PUNTO DE ACCESO ADICIONAL--NOMBRE DE PERSONA
Nombre de persona Pierre, Luc St.
9 (RLIN) 9326
700 12 - PUNTO DE ACCESO ADICIONAL--NOMBRE DE PERSONA
Nombre de persona Hernández, José Miguel
9 (RLIN) 9327
710 2# - PUNTO DE ACCESO ADICIONAL--NOMBRE DE ENTIDAD CORPORATIVA
Nombre de entidad corporativa o nombre de jurisdicción como elemento de entrada Pontificia Universidad Católica Madre y Maestra (República Dominicana).
Unidad subordinada Centro de Estudios Urbanos y Regionales
9 (RLIN) 9328
830 #0 - PUNTO DE ACCESO ADICIONAL DE SERIE-TÍTULO UNIFORME
Título uniforme Estudios ;
Número de parte o sección de la obra 180
9 (RLIN) 9329
910 ## - DATOS DE OPCIÓN DEL USUARIO (OCLC)
Datos de opción del usuario Validado. Control de calidad MFF
Holdings
Estado de retiro Estado de pérdida No para préstamo Código de colección Localización permanente Ubicación/localización actual Ubicación en estantería Fecha de adquisición Número de inventario Total de préstamos Signatura topográfica completa Código de barras Fecha visto por última vez Número de copia Precio válido a partir de Tipo de ítem Koha Fuente de adquisición
    Excluido de préstamo Patrimonio Dominicano Patrimonio Dominicano Patrimonio Dominicano Depósito 10.07.2009 LF1   333.73 U86t 2936-20 25.06.2020 e. 2 25.06.2020 Libro y Folleto Colección Patrimonio Dominicano  
    Excluido de préstamo Patrimonio Dominicano Patrimonio Dominicano Patrimonio Dominicano Depósito 06.07.2009 LF1   333.73 U86t 2936-10 25.06.2020   25.06.2020 Libro y Folleto Colección Patrimonio Dominicano 034271

Powered by Koha